[Event "St Petersburg-ch Seniors Rapid"]
[Site "St Petersburg"]
[Date "2022.10.04"]
[Round "8"]
[White "Shushpanov, Vladimir Fedorovich"]
[Black "Kasantsev, Anatolij B"]
[Result "1-0"]
[WhiteElo "2126"]
[BlackElo "1863"]
[PlyCount "67"]
[EventDate "2022.10.03"]
[EventType "swiss (rapid)"]
[EventRounds "10"]
[EventCountry "RUS"]
[SourceTitle "EXT 2024"]
[Source "ChessBase"]
[SourceDate "2023.10.10"]
[SourceVersion "1"]
[SourceVersionDate "2023.10.10"]
[SourceQuality "1"]

1. d4 Nf6 2. c4 g6 3. Nc3 d5 4. Nf3 Bg7 5. Bg5 Ne4 6. cxd5 Nxg5 7. Nxg5 e6 8. Nf3 exd5 9. e3 c6 10. Bd3 0-0 11. b4 Qd6 12. Qb3 a5 13. b5 Be6 14. 0-0 Nd7 15. Rfc1 c5 16. Qa3 b6 17. Na4 Rfc8 18. Rc2 Bf8 19. Rac1 Qb8 20. Qb2 Qb7 21. Ng5 c4 22. Nxe6 cxd3 23. Rc7 Rxc7 24. Rxc7 Qb8 25. Rxd7 fxe6 26. Qc3 Bb4 27. Qxd3 Qe8 28. Rc7 Bd6 29. Rc6 Rc8 30. Qc2 Rxc6 31. Qxc6 Qxc6 32. bxc6 Bc7 33. Nc3 Kf8 34. Nb5 1-0

[Event "St Petersburg-ch Seniors Rapid"]
[Site "St Petersburg"]
[Date "2022.10.04"]
[Round "7"]
[White "Zhelnin, Vladimir V"]
[Black "Shushpanov, Vladimir Fedorovich"]
[Result "1/2-1/2"]
[WhiteElo "2244"]
[BlackElo "2126"]
[PlyCount "90"]
[EventDate "2022.10.03"]
[EventType "swiss (rapid)"]
[EventRounds "10"]
[EventCountry "RUS"]
[SourceTitle "EXT 2024"]
[Source "ChessBase"]
[SourceDate "2023.10.10"]
[SourceVersion "1"]
[SourceVersionDate "2023.10.10"]
[SourceQuality "1"]

1. e4 c6 2. d4 d5 3. Nc3 b5 4. a3 dxe4 5. Nxe4 Bf5 6. Ng3 Bg6 7. h4 h6 8. h5 Bh7 9. Nf3 Nd7 10. Bd3 Bxd3 11. Qxd3 e6 12. a4 a6 13. 0-0 Ngf6 14. c4 bxc4 15. Qxc4 Qb6 16. Ne5 Nxe5 17. dxe5 Nd5 18. Bd2 Be7 19. Qg4 Kf8 20. Rae1 Qxb2 21. Re2 Qb6 22. Kh2 Kg8 23. f4 Qd4 24. Ne4 c5 25. Rf3 Kh7 26. Rg3 Rhg8 27. f5 Nc7 28. fxe6 Nxe6 29. Qf5+ Kh8 30. Qxf7 Ng5 31. Nxg5 Bxg5 32. Bxg5 hxg5 33. Qf5 Qh4+ 34. Rh3 Raf8 35. Rxh4 Rxf5 36. Rc4 Rf4 37. Rxc5 Rxa4 38. e6 Rh4+ 39. Kg3 Rxh5 40. Kg4 Rh6 41. Kxg5 Re8 42. e7 Kg8 43. Rc7 Rf6 44. Ra7 Kf7 45. Ra2 Rxe7 1/2-1/2

[Event "WchT Seniors 65"]
[Site "Rhodes"]
[Date "2019.04.22"]
[Round "7.1"]
[White "Shushpanov, Vladimir Fedorovich"]
[Black "Rashkovsky, Nukhim N"]
[Result "1/2-1/2"]
[WhiteElo "2180"]
[BlackElo "2488"]
[PlyCount "49"]
[EventDate "2019.04.16"]
[EventType "team-swiss"]
[EventRounds "9"]
[EventCountry "GRE"]
[SourceTitle "CBM 190 Extra"]
[Source "ChessBase"]
[SourceDate "2019.07.15"]
[SourceVersion "1"]
[SourceVersionDate "2019.07.15"]
[SourceQuality "1"]
[WhiteTeam "Saint Petersburg"]
[BlackTeam "Russia 65+"]
[WhiteTeamCountry "RUS"]
[BlackTeamCountry "RUS"]

1. d4 Nf6 2. c4 e6 3. Nf3 Bb4+ 4. Nbd2 d6 5. a3 Bxd2+ 6. Bxd2 Qe7 7. Bg5 Nbd7 8. e3 h6 9. Bh4 b6 10. Be2 Bb7 11. b4 g5 12. Bg3 Ne4 13. c5 Bd5 14. Qc2 Ndf6 15. Rc1 0-0 16. 0-0 a5 17. cxd6 cxd6 18. b5 Qb7 19. Rfd1 Rac8 20. Qb2 Rxc1 21. Rxc1 Rc8 22. Ne1 Rxc1 23. Qxc1 Nxg3 24. hxg3 e5 25. Qd1 1/2-1/2

[Event "WchT Seniors 65"]
[Site "Rhodes"]
[Date "2019.04.20"]
[Round "5.2"]
[White "Maryasin, Boris Feliksovich"]
[Black "Shushpanov, Vladimir Fedorovich"]
[Result "1-0"]
[WhiteElo "2297"]
[BlackElo "2180"]
[PlyCount "49"]
[EventDate "2019.04.16"]
[EventType "team-swiss"]
[EventRounds "9"]
[EventCountry "GRE"]
[SourceTitle "CBM 190 Extra"]
[Source "ChessBase"]
[SourceDate "2019.07.15"]
[SourceVersion "1"]
[SourceVersionDate "2019.07.15"]
[SourceQuality "1"]
[WhiteTeam "Israel"]
[BlackTeam "Saint Petersburg"]
[WhiteTeamCountry "ISR"]
[BlackTeamCountry "RUS"]

1. e4 g6 2. d4 Bg7 3. Nc3 c6 4. Be3 d5 5. f3 Nf6 6. e5 Nfd7 7. f4 e6 8. Nf3 b6 9. h4 h5 10. Ng5 Ba6 11. Bxa6 Nxa6 12. g4 Nc7 13. f5 hxg4 14. fxg6 f5 15. h5 Bxe5 16. dxe5 Nxe5 17. g7 Rg8 18. h6 Qf6 19. h7 Qxg7 20. hxg8Q+ Qxg8 21. Qd4 Qxg5 22. Qxe5 Qe7 23. Rh8+ Kd7 24. Rxa8 Nxa8 25. 0-0-0 1-0

[Event "WchT Seniors 65"]
[Site "Rhodes"]
[Date "2019.04.17"]
[Round "2.6"]
[White "Shushpanov, Vladimir Fedorovich"]
[Black "Johnsen, Oystein"]
[Result "0-1"]
[WhiteElo "2180"]
[BlackElo "1986"]
[PlyCount "93"]
[EventDate "2019.04.16"]
[EventType "team-swiss"]
[EventRounds "9"]
[EventCountry "GRE"]
[SourceTitle "CBM 190 Extra"]
[Source "ChessBase"]
[SourceDate "2019.07.15"]
[SourceVersion "1"]
[SourceVersionDate "2019.07.15"]
[SourceQuality "1"]
[WhiteTeam "Saint Petersburg"]
[BlackTeam "Norway"]
[WhiteTeamCountry "RUS"]
[BlackTeamCountry "NOR"]

1. d4 d5 2. Nf3 Nf6 3. c4 c6 4. Qc2 e6 5. Bg5 Be7 6. e3 h6 7. Bh4 Ne4 8. Bxe7 Qxe7 9. Bd3 Nf6 10. Nc3 0-0 11. 0-0 Nbd7 12. Rfd1 Rd8 13. a3 a5 14. h3 e5 15. cxd5 cxd5 16. dxe5 Nxe5 17. Be2 Nxf3+ 18. Bxf3 Be6 19. Rd4 Rd7 20. Rad1 Rad8 21. Qa4 b6 22. R1d3 Bf5 23. Rd2 Be6 24. Qb5 Qc5 25. Qb3 Kf8 26. Na4 Qc1+ 27. Rd1 Qc6 28. Qxb6 Qxb6 29. Nxb6 Rb7 30. Nxd5 Nxd5 31. Bxd5 Rxb2 32. Bxe6 Rxd4 33. Rxd4 fxe6 34. Rd8+ Ke7 35. Ra8 Rb1+ 36. Kh2 Rb5 37. Ra6 h5 38. h4 Kf6 39. Kg3 g6 40. a4 Rc5 41. f4 Rd5 42. Kf3 Rc5 43. g4 Ke7 44. g5 Kf7 45. Ra7+ Kf8 46. Ke4 Rd5 47. Rc7 0-1

[Event "WchT Seniors 65"]
[Site "Dresden"]
[Date "2018.07.14"]
[Round "8.2"]
[White "Shushpanov, Vladimir Fedorovich"]
[Black "Gruzmann, Boris"]
[Result "1-0"]
[WhiteElo "2198"]
[BlackElo "2176"]
[PlyCount "119"]
[EventDate "2018.07.07"]
[EventType "team-swiss"]
[EventRounds "9"]
[EventCountry "GER"]
[SourceTitle "CBM 185 Extra"]
[Source "ChessBase"]
[SourceDate "2018.07.29"]
[SourceVersion "1"]
[SourceVersionDate "2018.07.29"]
[SourceQuality "1"]
[WhiteTeam "St Petersburg"]
[BlackTeam "Germany II"]
[WhiteTeamCountry "RUS"]
[BlackTeamCountry "GER"]

1. e4 e5 2. Nf3 Nc6 3. c3 Nf6 4. d4 exd4 5. e5 Ne4 6. cxd4 d5 7. Nc3 Bb4 8. Qb3 0-0 9. Be3 a5 10. a3 Bxc3+ 11. bxc3 a4 12. Qc2 Bf5 13. Bd3 Na5 14. 0-0 Nb3 15. Ra2 c6 16. Ne1 Bg6 17. f3 Ng5 18. h4 Ne6 19. h5 Bxd3 20. Nxd3 c5 21. Qf2 Qa5 22. Rc2 Qb5 23. Rd1 Rac8 24. dxc5 Rfd8 25. Nb4 Qc4 26. Qf1 Qxf1+ 27. Kxf1 d4 28. cxd4 Nexd4 29. Bxd4 Rxd4 30. Rxd4 Nxd4 31. Rd2 Nb3 32. Rd1 Nxc5 33. Rc1 Kf8 34. Nd3 b6 35. Nxc5 bxc5 36. Rc4 Ke7 37. Ke2 Ke6 38. Rxa4 Kxe5 39. Ra7 Rf8 40. Kd3 Kf4 41. Ra4+ Kg5 42. Rc4 Rc8 43. g4 f5 44. a4 g6 45. hxg6 hxg6 46. a5 Kf6 47. a6 Ke5 48. a7 Kd5 49. Ra4 Ra8 50. g5 c4+ 51. Kc3 Ke5 52. Kxc4 Kf4 53. Kb5+ Kxf3 54. Kb6 f4 55. Kb7 Rxa7+ 56. Rxa7 Kg4 57. Kc6 Kxg5 58. Kd5 Kg4 59. Ke4 g5 60. Rg7 1-0

[Event "WchT Seniors 65"]
[Site "Dresden"]
[Date "2018.07.10"]
[Round "4.2"]
[White "Kargoll, Herbert"]
[Black "Shushpanov, Vladimir Fedorovich"]
[Result "0-1"]
[WhiteElo "2230"]
[BlackElo "2198"]
[PlyCount "112"]
[EventDate "2018.07.07"]
[EventType "team-swiss"]
[EventRounds "9"]
[EventCountry "GER"]
[SourceTitle "CBM 185 Extra"]
[Source "ChessBase"]
[SourceDate "2018.07.29"]
[SourceVersion "1"]
[SourceVersionDate "2018.07.29"]
[SourceQuality "1"]
[WhiteTeam "Hessische Musketiere"]
[BlackTeam "St Petersburg"]
[WhiteTeamCountry "GER"]
[BlackTeamCountry "RUS"]

1. e4 g6 2. d4 Bg7 3. Bc4 c6 4. Nc3 d5 5. exd5 b5 6. Bb3 b4 7. Nce2 cxd5 8. a3 bxa3 9. Rxa3 e6 10. Nf3 Ne7 11. Bf4 Nbc6 12. Ne5 0-0 13. Nxc6 Nxc6 14. Qd2 Ne7 15. Bh6 Qb6 16. Bxg7 Kxg7 17. 0-0 Ba6 18. Rd1 Bxe2 19. Qxe2 a5 20. c4 dxc4 21. Bxc4 Rfd8 22. h4 h5 23. Qe5+ Kg8 24. Rb3 Qd6 25. Qf6 Nd5 26. Qf3 Rab8 27. Rxb8 Qxb8 28. b3 Qb4 29. Ra1 Nb6 30. Bxe6 fxe6 31. Qf6 Qxd4 32. Qxg6+ Kf8 33. Rxa5 Qxh4 34. Qh6+ Ke7 35. Qh7+ Kd6 36. Rxh5 Qd4 37. Rh3 Nd5 38. Qb7 Qb6 39. Qg7 Qb4 40. Qg3+ Qf4 41. Qd3 Qc1+ 42. Kh2 Ra8 43. Rh4 Qg5 44. g3 Ra1 45. Qb5 Qd2 46. Qb8+ Kc6 47. Rc4+ Kd7 48. Qb7+ Kd6 49. Rc6+ Ke5 50. Qg7+ Kf5 51. g4+ Ke4 52. Rxe6+ Kf3 53. Qf7+ Qf4+ 54. Qxf4+ Nxf4 55. Rc6 Ra8 56. g5 Rg8 0-1

[Event "WchT Seniors 65"]
[Site "Dresden"]
[Date "2018.07.07"]
[Round "1.5"]
[White "Shushpanov, Vladimir Fedorovich"]
[Black "James, Dai"]
[Result "1-0"]
[WhiteElo "2198"]
[BlackElo "1832"]
[PlyCount "45"]
[EventDate "2018.07.07"]
[EventType "team-swiss"]
[EventRounds "9"]
[EventCountry "GER"]
[SourceTitle "CBM 185 Extra"]
[Source "ChessBase"]
[SourceDate "2018.07.29"]
[SourceVersion "1"]
[SourceVersionDate "2018.07.29"]
[SourceQuality "1"]
[WhiteTeam "St Petersburg"]
[BlackTeam "Wales Deheubarth"]
[WhiteTeamCountry "RUS"]
[BlackTeamCountry "WLS"]

1. e4 e6 2. b3 d5 3. Bb2 Nf6 4. e5 Nfd7 5. f4 c5 6. Nf3 Nc6 7. Bb5 Qb6 8. c4 Ne7 9. Nc3 a6 10. Ba4 g6 11. 0-0 Bg7 12. d3 0-0 13. Qd2 Qc7 14. Rac1 b6 15. cxd5 exd5 16. b4 b5 17. Bd1 Bb7 18. bxc5 Qxc5+ 19. d4 Qb6 20. Ba3 Rfe8 21. Bb3 Rac8 22. Bxe7 Rxe7 23. Nxd5 1-0

[Event "RUS-chT Seniors"]
[Site "Sochi"]
[Date "2018.05.08"]
[Round "8.4"]
[White "Dragomarezkij, Evgeni"]
[Black "Shushpanov, Vladimir Fedorovich"]
[Result "1-0"]
[WhiteElo "2375"]
[BlackElo "2187"]
[PlyCount "75"]
[EventDate "2018.05.01"]
[EventType "team-tourn"]
[EventRounds "10"]
[EventCountry "RUS"]
[SourceTitle "EXT 2019"]
[Source "ChessBase"]
[SourceDate "2018.10.10"]
[SourceVersion "1"]
[SourceVersionDate "2018.10.10"]
[SourceQuality "1"]
[WhiteTeam "Sima Lend"]
[BlackTeam "St Petersburg Bronze Horseman"]
[WhiteTeamCountry "RUS"]
[BlackTeamCountry "RUS"]

1. c4 g6 2. e4 c5 3. Nf3 Bg7 4. d4 Qa5+ 5. Nc3 Nc6 6. d5 Nd4 7. Bd2 Nxf3+ 8. Qxf3 d6 9. Be2 Nf6 10. Qg3 0-0 11. 0-0 a6 12. a4 Bd7 13. f4 Qc7 14. Rfe1 b5 15. cxb5 axb5 16. e5 Ne8 17. Nxb5 Qb8 18. Bc3 Nc7 19. Nxc7 Qxc7 20. b3 Bc8 21. Bc4 Ba6 22. f5 Bxc4 23. bxc4 dxe5 24. Bxe5 Bxe5 25. Qxe5 Qxe5 26. Rxe5 Ra7 27. Rae1 Rxa4 28. R1e4 Rb8 29. fxg6 hxg6 30. Rxe7 Rb2 31. h3 f5 32. R4e6 Rxc4 33. Rc7 Kf8 34. Rf6+ Kg8 35. Rxg6+ Kf8 36. Rf6+ Ke8 37. Rh6 Kd8 38. Ra7 1-0

[Event "RUS-chT Seniors"]
[Site "Sochi"]
[Date "2018.05.07"]
[Round "7.4"]
[White "Shushpanov, Vladimir Fedorovich"]
[Black "Vasiliev, Sergey N"]
[Result "1-0"]
[WhiteElo "2187"]
[BlackElo "1945"]
[PlyCount "67"]
[EventDate "2018.05.01"]
[EventType "team-tourn"]
[EventRounds "10"]
[EventCountry "RUS"]
[SourceTitle "EXT 2019"]
[Source "ChessBase"]
[SourceDate "2018.10.10"]
[SourceVersion "1"]
[SourceVersionDate "2018.10.10"]
[SourceQuality "1"]
[WhiteTeam "St Petersburg Bronze Horseman"]
[BlackTeam "Tatarstan Castle"]
[WhiteTeamCountry "RUS"]
[BlackTeamCountry "RUS"]

1. Nf3 d5 2. g3 e6 3. Bg2 Nf6 4. 0-0 Be7 5. d4 0-0 6. b3 Nbd7 7. c4 c6 8. Ba3 Bxa3 9. Nxa3 Re8 10. Qc2 Qe7 11. Qb2 b6 12. Rac1 Bb7 13. cxd5 exd5 14. e3 Rac8 15. Rfd1 h6 16. Nc2 Ne4 17. Nce1 Ng5 18. Nd3 Nxf3+ 19. Bxf3 g6 20. b4 Ba6 21. Qa3 Bxd3 22. Rxd3 Qd6 23. b5 c5 24. dxc5 bxc5 25. Bxd5 Qc7 26. Bc6 Re7 27. Rdc3 Qe5 28. Qxa7 Rxc6 29. bxc6 Nf6 30. Rxc5 Qe6 31. c7 Qc8 32. Qb8 Re8 33. Qxc8 Rxc8 34. Rd1 1-0

[Event "EU-chT Seniors 15th"]
[Site "Dresden"]
[Date "2013.07.20"]
[Round "1"]
[White "Shushpanov, Vladimir Fedorovich"]
[Black "Fossum, Widar J"]
[Result "1-0"]
[WhiteElo "2308"]
[BlackElo "1994"]
[PlyCount "67"]
[EventDate "2013.07.20"]
[EventType "team-swiss"]
[EventRounds "9"]
[EventCountry "GER"]
[SourceTitle "CBM 155 Extra"]
[Source "ChessBase"]
[SourceDate "2013.08.26"]
[SourceVersion "1"]
[SourceVersionDate "2013.08.26"]
[SourceQuality "1"]
[WhiteTeam "St Petersburg"]
[BlackTeam "Blindern Oldtimers"]
[WhiteTeamCountry "RUS"]
[BlackTeamCountry "NOR"]

1. Nf3 e6 2. g3 b6 3. Bg2 Bb7 4. 0-0 Nf6 5. b3 Be7 6. c4 d5 7. Bb2 dxc4 8. bxc4 0-0 9. d3 c5 10. a4 Nc6 11. Ne5 Qc7 12. Nxc6 Bxc6 13. Bxc6 Qxc6 14. Nc3 Nd7 15. a5 Bf6 16. Qa4 Qxa4 17. Rxa4 Rfb8 18. Ba1 g6 19. axb6 Rxb6 20. Ne4 Be7 21. Bc3 Rc8 22. Rfa1 f5 23. Nd2 Rcc6 24. Nf3 Rb3 25. Ra6 Rxa6 26. Rxa6 Rxc3 27. Rxa7 Rc2 28. Rxd7 Kf8 29. Kf1 Rc1+ 30. Kg2 Rc2 31. Rb7 Ke8 32. Rc7 Rc3 33. d4 cxd4 34. Nxd4 1-0

[Event "St Petersburg Botvinnik Memorial op"]
[Site "St Petersburg"]
[Date "2012.08.28"]
[Round "4"]
[White "Belozerov, Andrei"]
[Black "Shushpanov, Vladimir Fedorovich"]
[Result "1-0"]
[WhiteElo "2504"]
[BlackElo "2318"]
[PlyCount "89"]
[EventDate "2012.08.25"]
[EventType "swiss"]
[EventRounds "9"]
[EventCountry "RUS"]
[SourceTitle "CBM 150 Extra"]
[Source "ChessBase"]
[SourceDate "2012.10.19"]
[SourceVersion "1"]
[SourceVersionDate "2012.10.19"]
[SourceQuality "1"]

1. Nf3 g6 2. e4 Bg7 3. d4 c5 4. c4 Qa5+ 5. Nc3 Nc6 6. d5 Nd4 7. Bd2 Nxf3+ 8. Qxf3 d6 9. h3 Nf6 10. Bd3 0-0 11. 0-0 a6 12. a3 Rb8 13. Rfd1 Qc7 14. Bg5 b5 15. cxb5 c4 16. Bf1 axb5 17. Rac1 Nd7 18. b3 Ba6 19. b4 Rfe8 20. Qg3 Bc8 21. Be3 Qb7 22. Bd4 Bxd4 23. Rxd4 Qa7 24. Rd2 Ne5 25. Ra1 f5 26. Kh2 fxe4 27. Nxe4 Bf5 28. Re1 Ra8 29. f4 Nd7 30. Nc3 Qb7 31. Qe3 Rxa3 32. g4 Bd3 33. Nb1 Rb3 34. Bxd3 cxd3 35. Rxd3 Rxb4 36. Nc3 Nc5 37. Rd2 Rc4 38. f5 b4 39. Ne2 Ne4 40. fxg6 Nxd2 41. Qe6+ Kh8 42. Qf7 hxg6 43. Qxe8+ Kg7 44. Nd4 Qxd5 45. Ne6+ 1-0

[Event "St Petersburg Botvinnik Memorial op"]
[Site "St Petersburg"]
[Date "2012.08.25"]
[Round "1"]
[White "Shushpanov, Vladimir Fedorovich"]
[Black "Molchanov, Alexander"]
[Result "1-0"]
[WhiteElo "2318"]
[BlackElo "1783"]
[PlyCount "53"]
[EventDate "2012.08.25"]
[EventType "swiss"]
[EventRounds "9"]
[EventCountry "RUS"]
[SourceTitle "CBM 150 Extra"]
[Source "ChessBase"]
[SourceDate "2012.10.19"]
[SourceVersion "1"]
[SourceVersionDate "2012.10.19"]
[SourceQuality "1"]

1. Nf3 Nf6 2. g3 g6 3. b3 Bg7 4. Bb2 0-0 5. Bg2 d6 6. d4 Nfd7 7. 0-0 e5 8. dxe5 Nxe5 9. Nxe5 dxe5 10. Na3 c6 11. Nc4 Qc7 12. Qd6 Qxd6 13. Nxd6 Nd7 14. Rfd1 Nb6 15. Rd2 Rb8 16. a4 Be6 17. a5 Nd7 18. a6 bxa6 19. Rxa6 Nc5 20. Rxa7 Bxb3 21. cxb3 Nxb3 22. Rc2 c5 23. Bd5 Rbd8 24. Bxf7+ Kh8 25. Bxb3 Rxd6 26. Rxc5 Rb8 27. Rxg7 1-0

[Event "St Petersburg White Nights op"]
[Site "St Petersburg"]
[Date "2010.06.24"]
[Round "9"]
[White "Shushpanov, Vladimir Fedorovich"]
[Black "Lushnikov, Andrey Yakovlevich"]
[Result "1-0"]
[WhiteElo "2385"]
[BlackElo "2264"]
[PlyCount "67"]
[EventDate "2010.06.16"]
[EventType "swiss"]
[EventRounds "9"]
[EventCountry "RUS"]
[SourceTitle "EXT 2011"]
[Source "ChessBase"]
[SourceDate "2010.11.26"]
[SourceVersion "1"]
[SourceVersionDate "2010.11.26"]
[SourceQuality "1"]

1. e4 e5 2. Nf3 Nc6 3. Bc4 Bc5 4. c3 Nf6 5. d3 d6 6. Nbd2 a6 7. Bb3 Ba7 8. Nc4 h6 9. Be3 Be6 10. Bxa7 Rxa7 11. 0-0 0-0 12. Re1 Ne7 13. d4 Bxc4 14. Bxc4 Ng6 15. g3 Qc8 16. Bf1 Re8 17. Qd3 Ra8 18. Bg2 a5 19. Nd2 b6 20. Nc4 Qd7 21. Ne3 Rad8 22. Rad1 Qc8 23. Nf5 Kh7 24. h4 Nf8 25. Bh3 Qa8 26. Qc4 Rd7 27. Ne3 Rde7 28. dxe5 dxe5 29. Nf5 Qc8 30. Kg2 Rd7 31. Rxd7 N8xd7 32. Qxf7 Rg8 33. Ne7 Qe8 34. Bf5+ 1-0

[Event "St Petersburg White Nights op"]
[Site "St Petersburg"]
[Date "2010.06.23"]
[Round "8"]
[White "Sichinava, Zviad"]
[Black "Shushpanov, Vladimir Fedorovich"]
[Result "1-0"]
[WhiteElo "2328"]
[BlackElo "2385"]
[PlyCount "41"]
[EventDate "2010.06.16"]
[EventType "swiss"]
[EventRounds "9"]
[EventCountry "RUS"]
[SourceTitle "EXT 2011"]
[Source "ChessBase"]
[SourceDate "2010.11.26"]
[SourceVersion "1"]
[SourceVersionDate "2010.11.26"]
[SourceQuality "1"]

1. d4 d5 2. Bg5 Nf6 3. Nd2 Bf5 4. Bxf6 exf6 5. e3 c6 6. c4 dxc4 7. Bxc4 Bd6 8. Ngf3 0-0 9. 0-0 Nd7 10. Nh4 Bg6 11. Nxg6 hxg6 12. Rc1 f5 13. Nf3 Qe7 14. a4 Nf6 15. Nh4 Nd5 16. g3 f4 17. e4 fxg3 18. hxg3 Nf4 19. Qg4 Qxe4 20. gxf4 Bxf4 21. Nf3 1-0

[Event "St Petersburg White Nights op"]
[Site "St Petersburg"]
[Date "2010.06.21"]
[Round "6"]
[White "Pischikov, Vadim"]
[Black "Shushpanov, Vladimir Fedorovich"]
[Result "1/2-1/2"]
[WhiteElo "2040"]
[BlackElo "2385"]
[PlyCount "101"]
[EventDate "2010.06.16"]
[EventType "swiss"]
[EventRounds "9"]
[EventCountry "RUS"]
[SourceTitle "EXT 2011"]
[Source "ChessBase"]
[SourceDate "2010.11.26"]
[SourceVersion "1"]
[SourceVersionDate "2010.11.26"]
[SourceQuality "1"]

1. Nf3 g6 2. d4 Bg7 3. c4 Nf6 4. Nc3 d5 5. Qb3 dxc4 6. Qxc4 0-0 7. e4 Nfd7 8. Be3 Nc6 9. Rd1 Nb6 10. Qd3 Bg4 11. Be2 Qc8 12. Qc2 Rd8 13. d5 Bxf3 14. Bxf3 Ne5 15. Be2 c6 16. 0-0 cxd5 17. Bxb6 axb6 18. Rxd5 Rxd5 19. exd5 Nc4 20. Rc1 Nd6 21. h3 Qc5 22. a3 Bxc3 23. Qxc3 Qxd5 24. Bf3 Qg5 25. Qe3 Qxe3 26. fxe3 Kf8 27. Kf2 Ke8 28. Rc3 Kd8 29. Rb3 b5 30. Be2 Ra5 31. Kf3 Kc7 32. g4 g5 33. Bd3 h6 34. Be2 Kb6 35. e4 f6 36. Ke3 Ra8 37. Bd3 Rc8 38. Kd4 Rc5 39. a4 e5+ 40. Ke3 Kc6 41. axb5+ Nxb5 42. Kd2 Nd4 43. Ra3 Kd7 44. Ra8 Rc8 45. Ra7 Kc7 46. Ra4 Kc6 47. Rc4+ Kd7 48. Rxc8 Kxc8 49. b4 Kc7 50. Kc3 Kc6 51. Bf1 1/2-1/2

[Event "St Petersburg White Nights op"]
[Site "St Petersburg"]
[Date "2010.06.18"]
[Round "3"]
[White "Shushpanov, Vladimir Fedorovich"]
[Black "Kuzmin, Yuriy"]
[Result "1-0"]
[WhiteElo "2385"]
[BlackElo "2175"]
[PlyCount "99"]
[EventDate "2010.06.16"]
[EventType "swiss"]
[EventRounds "9"]
[EventCountry "RUS"]
[SourceTitle "EXT 2011"]
[Source "ChessBase"]
[SourceDate "2010.11.26"]
[SourceVersion "1"]
[SourceVersionDate "2010.11.26"]
[SourceQuality "1"]

1. d4 d5 2. c4 c6 3. Nf3 Nf6 4. Qc2 dxc4 5. Qxc4 Bf5 6. e3 Nbd7 7. Bd3 Bxd3 8. Qxd3 e6 9. 0-0 Be7 10. b3 0-0 11. Bb2 c5 12. Nbd2 cxd4 13. Qxd4 Bc5 14. Qh4 b5 15. Rfd1 Qe7 16. Ne4 Nxe4 17. Qxe4 Nb6 18. Nd4 Bxd4 19. Qxd4 f6 20. Qd3 b4 21. Bd4 Rfd8 22. Qa6 Qd6 23. Rdc1 Rac8 24. Qxa7 Nd5 25. Rxc8 Rxc8 26. e4 Nf4 27. Be3 Ne2+ 28. Kh1 Qe5 29. Re1 Qxe4 30. f3 Qd3 31. Qb6 Re8 32. Bf2 Kf7 33. Qxb4 Nc3 34. a4 Nd5 35. Qc4 Qd2 36. Qe2 Qb4 37. Qd3 h6 38. h3 Rc8 39. Qe4 Qd6 40. a5 Rc6 41. Bd4 Nb4 42. Bb6 Nd5 43. Bg1 Qa3 44. Bb6 Qd6 45. Rd1 Rc8 46. Rb1 Rc6 47. Rd1 Rc8 48. h4 Rc6 49. b4 Rc8 50. b5 1-0

[Event "St Petersburg Blokadny op"]
[Site "St Petersburg"]
[Date "2010.01.11"]
[Round "9"]
[White "Shushpanov, Vladimir Fedorovich"]
[Black "Pimenov, Revolt"]
[Result "1-0"]
[WhiteElo "2375"]
[BlackElo "2241"]
[PlyCount "63"]
[EventDate "2010.01.03"]
[EventType "swiss"]
[EventRounds "9"]
[EventCountry "RUS"]
[SourceTitle "CBM 134 Extra"]
[Source "ChessBase"]
[SourceDate "2010.03.03"]
[SourceVersion "1"]
[SourceVersionDate "2010.03.03"]
[SourceQuality "1"]

1. c4 b6 2. d4 e6 3. Nf3 Bb7 4. Bf4 Nf6 5. e3 Bb4+ 6. Nbd2 0-0 7. Be2 d5 8. 0-0 dxc4 9. Nxc4 Nbd7 10. Rc1 Ne4 11. Qc2 Rc8 12. Rfd1 g5 13. Bg3 h5 14. Bd3 Nxg3 15. hxg3 Qf6 16. Qa4 h4 17. Qxd7 hxg3 18. fxg3 Bxf3 19. Rf1 g4 20. gxf3 gxf3 21. Qc6 b5 22. Qxb5 c5 23. Qb7 cxd4 24. Rxf3 Qh8 25. Qxb4 dxe3 26. Qe1 e2 27. Rc2 Rc5 28. Qxe2 Rh5 29. Qg2 Kg7 30. Ne3 Rd8 31. Rc7 Rxd3 32. Rfxf7+ 1-0

[Event "St Petersburg Blokadny op"]
[Site "St Petersburg"]
[Date "2010.01.08"]
[Round "6"]
[White "Kozenkov, Valery"]
[Black "Shushpanov, Vladimir Fedorovich"]
[Result "0-1"]
[WhiteElo "2091"]
[BlackElo "2375"]
[PlyCount "107"]
[EventDate "2010.01.03"]
[EventType "swiss"]
[EventRounds "9"]
[EventCountry "RUS"]
[SourceTitle "CBM 134 Extra"]
[Source "ChessBase"]
[SourceDate "2010.03.03"]
[SourceVersion "1"]
[SourceVersionDate "2010.03.03"]
[SourceQuality "1"]

1. d4 d5 2. c4 dxc4 3. Nf3 a6 4. a4 Nf6 5. e3 Bg4 6. Bxc4 e6 7. 0-0 Nc6 8. Nc3 Bd6 9. Be2 0-0 10. e4 Bxf3 11. Bxf3 Nxd4 12. Be3 Be5 13. Bxd4 Qxd4 14. Qb3 Qa7 15. Rfd1 Rad8 16. g3 h6 17. Qc4 c6 18. a5 Rd4 19. Rxd4 Bxd4 20. Rf1 Rd8 21. Kg2 Qb8 22. Re1 Qe5 23. Qb4 Rd7 24. Re2 Qc7 25. Rc2 Qd6 26. Qa4 e5 27. Be2 Ba7 28. Nd1 Qd4 29. Rc4 Qd2 30. Kf1 Rd4 31. Rxd4 Qxd4 32. Qxd4 Bxd4 33. Bd3 Kf8 34. Ke2 Ke7 35. f3 Ne8 36. Kd2 Nd6 37. h4 Kd7 38. Kc2 Kc7 39. h5 b5 40. axb6+ Kxb6 41. b3 a5 42. Nb2 Bxb2 43. Kxb2 Nb5 44. Be2 Kc5 45. Kc1 Nd4 46. Bd1 Kb4 47. Kb2 f6 48. f4 Ne6 49. f5 Nd4 50. Ka2 c5 51. Kb2 c4 52. bxc4 Kxc4 53. Ka3 Nb5+ 54. Kb2 0-1

[Event "St Petersburg Blokadny op"]
[Site "St Petersburg"]
[Date "2010.01.07"]
[Round "5"]
[White "Shushpanov, Vladimir Fedorovich"]
[Black "Petrov, Valentin"]
[Result "1-0"]
[WhiteElo "2375"]
[BlackElo "2098"]
[PlyCount "95"]
[EventDate "2010.01.03"]
[EventType "swiss"]
[EventRounds "9"]
[EventCountry "RUS"]
[SourceTitle "CBM 134 Extra"]
[Source "ChessBase"]
[SourceDate "2010.03.03"]
[SourceVersion "1"]
[SourceVersionDate "2010.03.03"]
[SourceQuality "1"]

1. Nf3 f5 2. c4 Nf6 3. g3 g6 4. Bg2 Bg7 5. Nc3 d6 6. 0-0 0-0 7. d3 c5 8. a3 Nc6 9. Rb1 h6 10. b4 Nh5 11. Na4 cxb4 12. axb4 e5 13. b5 Ne7 14. Ba3 Rb8 15. Qb3 Be6 16. Qb4 Nc8 17. Nc3 b6 18. Nd2 Kh7 19. Nd5 g5 20. Qa4 Rf7 21. Nb4 Rbb7 22. Nc6 Qf6 23. Bb2 Rbd7 24. d4 exd4 25. Nxd4 Qxd4 26. Bxd4 Bxd4 27. e3 Bg7 28. Nf3 Rc7 29. Rbc1 f4 30. exf4 gxf4 31. Qd1 Nf6 32. Nd4 Bg4 33. Bf3 Bh3 34. Re1 fxg3 35. hxg3 Ne7 36. Ne6 Rd7 37. Bc6 Bxe6 38. Rxe6 Rd8 39. Rxd6 Rg8 40. Rd8 Bf8 41. Rc3 Rgg7 42. Rf3 Neg8 43. Bd5 Nxd5 44. Rxf8 Ndf6 45. Qd3+ Kh8 46. Rxf7 Rxf7 47. Qg6 Rg7 48. Rxf6 1-0